Latex dip-moulding (Record no. 62011)

MARC details
000 -LEADER
fixed length control field 00244nam a2200109Ia 4500
100 ## - MAIN ENTRY--AUTHOR NAME
Personal name Howe Bill
245 #0 - TITLE STATEMENT
Title Latex dip-moulding
260 ## - PUBLICATION, DISTRIBUTION, ETC. (IMPRINT)
Name of publisher Rubber Asia
Year of publication 2009
300 ## - PHYSICAL DESCRIPTION
Number of Pages 57-63
942 ## - ADDED ENTRY ELEMENTS (KOHA)
Koha item type Journals
Holdings
Withdrawn status Lost status Damaged status Not for loan Home library Current library Date acquired Serial Enumeration / chronology Koha item type
      Journals RRII Library RRII Library 24/12/2009 Volume 23, Issue 6 Journals